000 00312nam a2200133Ia 4500
008 150201s2009 xx 000 0 und d
082 _a616.8
_bC09N
100 _aNAMBOODIRI,VMD
245 _aCONCIE TB OF PSYCHIATRY
250 _a3RD
260 _bELSEVIER
_aDELHI
_c2009
650 _aPSYCHIATRY
942 _2ddc
_cBK
999 _c697
_d697